| 000 | 01140cam a2200181 4500500 | ||
|---|---|---|---|
| 005 | 20260426014346.0 | ||
| 041 | _afre | ||
| 042 | _adc | ||
| 100 | 1 | 0 |
_aDefert, Daniel _eauthor |
| 700 | 1 | 0 |
_aCabé, Marie-Hélène _eauthor |
| 700 | 1 | 0 |
_aUhalde, Marc _eauthor |
| 245 | 0 | 0 | _aInnovation militante et réseau |
| 260 | _c2005. | ||
| 500 | _a99 | ||
| 520 | _aRésuméCet article s’appuie sur une recherche consacrée à la création, la diffusion et l’appropriation de l’ emas et de l’ iso 14001, deux normes conçues entre 1993 et 2003 et permettant la certification des entreprises en matière environnementale, sur le modèle de la certification « qualité ». L’auteur propose une analyse sociologique originale pour expliquer la concurrence entre ces deux normes puis la prédominance sur le territoire français de la norme iso, soutenue par des jeux acteurs et réseaux français, contrairement à la norme européenne emas. | ||
| 786 | 0 | _nSociologies pratiques | 11 | 2 | 2005-09-01 | p. 7-12 | 1235-9278 | |
| 856 | 4 | 1 | _uhttps://shs.cairn.info/revue-sociologies-pratiques-2005-2-page-7?lang=fr&redirect-ssocas=7080 |
| 999 |
_c2224931 _d2224931 |
||